Vista normal
Vista MARC
Entrada Personal Name
Número de registros utilizados en: 1
001 - CONTROL NUMBER
- control field: 16019
003 - CONTROL NUMBER IDENTIFIER
- control field: DLC
005 - DATE AND TIME OF LATEST TRANSACTION
- control field: 20240801084136.0
008 - FIXED-LENGTH DATA ELEMENTS
- fixed length control field: 830519n| acannaab |n aaa
010 ## - LIBRARY OF CONGRESS CONTROL NUMBER
- LC control number: n 83061022
040 ## - CATALOGING SOURCE
- Original cataloging agency: DLC
- Transcribing agency: Mx-PuUPA
- Language of cataloging: spa
- Modifying agency: Mx-PuUPA
- Description conventions: rda
100 10 - HEADING--PERSONAL NAME
- Personal name: Bustelo, Eduardo S.,
374 ## - OCCUPATION
- Occupation: Compilador
375 ## - GENDER
- Gender: hombre
377 ## - ASSOCIATED LANGUAGE
- Language code: spa
670 ## - SOURCE DATA FOUND
- Source citation: Políticas sociales para la década en América Latina, 1982 (a.e.)
- Information found: p. 25 (Eduardo S. Bustelo)
670 ## - SOURCE DATA FOUND
- Source citation: De otra manera, 2000:
- Information found: t.p. (Eduardo S. Bustelo) flap of cover (Eduardo Santiago Bustelo; actualmente Secretario de políticas sociales del Ministerio Social y Medio Ambiente de la Nación)